[Event "Voesendorf op"]
[Site "Voesendorf"]
[Date "2007.06.08"]
[Round "3"]
[White "Robitsch, Hermann"]
[Black "Ragitsch, Andreas"]
[Result "1-0"]
[WhiteElo "1942"]
[BlackElo "1690"]
[PlyCount "75"]
[EventDate "2007.06.07"]
[EventType "swiss"]
[EventRounds "5"]
[EventCountry "AUT"]
[SourceTitle "EXT 2008"]
[Source "ChessBase"]
[SourceDate "2007.11.25"]
[SourceVersion "1"]
[SourceVersionDate "2007.11.25"]
[SourceQuality "1"]

1. e4 c5 2. c3 e6 3. d4 d5 4. e5 Bd7 5. Bd3 a6 6. Ne2 Bb5 7. Bc2 Nc6 8. Be3 Qb6 9. Nd2 cxd4 10. Bxd4 Bxe2 11. Qxe2 Nxd4 12. cxd4 Qxd4 13. 0-0 Ne7 14. Nf3 Qg4 15. h3 Qf4 16. g3 Qh6 17. Ba4+ Kd8 18. Rfc1 Rc8 19. Qe1 b6 20. h4 Rc4 21. Rxc4 dxc4 22. Ng5 Qg6 23. Qd2+ Nd5 24. Bc6 Be7 25. Bxd5 Bxg5 26. hxg5 exd5 27. Qxd5+ Kc7 28. Qxc4+ Qc6 29. Qxf7+ Qd7 30. Rc1+ Kd8 31. Qb3 Qb5 32. Qxb5 axb5 33. Rc6 Re8 34. f4 Kd7 35. Rxb6 Rc8 36. Rxb5 Ke6 37. g4 h6 38. f5+ 1-0